تحریک پاکستان کے بے لوث مجاہد ڈاکٹر محمد الیاس مسعود (Record no. 613526)
[ view plain ]
| 000 -LEADER | |
|---|---|
| fixed length control field | 00442nam a22001217a 4500 |
| 040 ## - CATALOGING SOURCE | |
| Transcribing agency | Nust |
| 082 ## - DEWEY DECIMAL CLASSIFICATION NUMBER | |
| Classification number | 923.2 |
| Author Mark | ZAH |
| 100 ## - MAIN ENTRY--PERSONAL NAME | |
| Personal name | Zahida Altaf |
| 9 (RLIN) | 128619 |
| 245 ## - TITLE STATEMENT | |
| Title | تحریک پاکستان کے بے لوث مجاہد ڈاکٹر محمد الیاس مسعود |
| 260 ## - PUBLICATION, DISTRIBUTION, ETC. | |
| Place of publication, distribution, etc. | Lahore: |
| Name of publisher, distributor, etc. | Al Faisal, |
| Date of publication, distribution, etc. | 2000. |
| 650 ## - SUBJECT ADDED ENTRY--TOPICAL TERM | |
| Topical term or geographic name entry element | تحریک پاکستان کے بے لوث مجاہد ڈاکٹر محمد الیاس مسعود |
| 9 (RLIN) | 128620 |
| 942 ## - ADDED ENTRY ELEMENTS (KOHA) | |
| Source of classification or shelving scheme | |
| Koha item type | Book |
| Withdrawn status | Lost status | Source of classification or shelving scheme | Damaged status | Not for loan | Permanent Location | Current Location | Date acquired | Total Checkouts | Full call number | Barcode | Date last seen | Price effective from | Koha item type |
|---|---|---|---|---|---|---|---|---|---|---|---|---|---|
| College of Electrical & Mechanical Engineering (CEME) | College of Electrical & Mechanical Engineering (CEME) | 04/09/2025 | 923.2 ZAH | CEME- 35583-A | 04/09/2025 | 04/09/2025 | Book |
